000
00384nam a2200133Ia 4500
008
151001s9999||||xx |||||||||||||| ||und||
100
_a
प्रकाश भाटकर
245
_a
कथा गुफली अश्रुंची
250
_a
1
260
_b
ललित नाट्य प्रकाशन
260
_c
1981
300
_a
88
365
_b
18
999
_c
981637
_d
981634